00795nam a22001817a 4500003000900000008004100009040007100050082003000121100003600151245002800187260003700215300004500252505022500297650001600522650002300538650001800561650003400579AR-CdUCM190329b ||||| |||| 00| 0 spa d aMUNICIPALIDAD PROVINCIAL DEL CUSCOcBIBLIOTECA MUNICIPAL DEL CUSCO 210ed.a373.3 /bG92 /1966 aGuillén de Rezzano, Clotilde, aDidáctica especial / aBuenos Aires : bKapelusz,c1966 a316 paginas ;bCuadros, diagamasc20 cm. aContenido : Didáctica del lenguaje -- Didáctica de la lectura inicial -- La lectura corriente, intelectual y expresiva -- La enseñanza simultanea de la lectura y la escritura -- Didáctica de la composición... aEducación aEducación fisica aMetodología aDidáctica de la enseñanza